000 00552nam a22001817a 4500
005 20251108170601.0
008 250721s2002 xx 000 0 ara d
082 1 4 _a006.6/إنج
100 1 _aإنيجل، إدوارد
245 1 0 _aرسومات الحاسوب /
264 1 _aعمان :
_bدار المناهج،
_c2002.
300 _a319ص
650 1 7 _aرسومات الحاسوب
700 1 _aالسلطاني، نعمة عبد الله
_eترجمة
700 1 _aالهاشمي، ياسر
_eترجمة
942 _2ddc
_cBK
999 _c44078
_d44078